|
|
|
|
| LEADER |
00000nam a22000007i 4500 |
| 005 |
20111104143743.0 |
| 008 |
090424s2009 sp 0 0 spa d |
| 020 |
|
|
|a 9788498494310
|
| 035 |
|
|
|a 5960
|
| 040 |
|
|
|a BUS
|d vLex
|
| 080 |
|
|
|a 342.722(460)
|
| 090 |
|
|
|c 2741
|d 2741
|
| 100 |
1 |
|
|a Sǹchez Gonzl̀ez, Santiago
|
| 245 |
1 |
3 |
|a En torno a la igualdad y a la desigualdad
|h [Recurso electrn̤ico] /
|c Santiago Sǹchez Gonzl̀ez (coord,) ...[et al.]
|
| 256 |
|
|
|a Servicio en ln̕ea.
|
| 260 |
|
|
|a Madrid :
|b Dykinson,
|c 2009.
|
| 300 |
|
|
|a 1 recurso electrn̤ico
|
| 506 |
1 |
|
|a Contenido solo disponible en los productos indicados
|d vLex Global
|d vLex Global (Academic Edition, excluding Law Schools)
|d vLex Global (U.S. Academic Edition, Law Schools)
|d vLex Global (U.S. Academic Edition, excluding Law Schools)
|d vLex Global (Academic Edition, Law Schools)
|
| 650 |
0 |
4 |
|a Derechos humanos
|z Espaą.
|
| 650 |
0 |
4 |
|a Igualdad
|z Espaą
|
| 700 |
1 |
|
|a Sǹchez Gonzl̀ez, Santiago
|e coord.
|
| 740 |
0 |
|
|a vLex Libros (Servicio en ln̕ea)
|
| 856 |
4 |
0 |
|u http://vlex.com/source/igualdad-desigualdad-5960
|z Acceso restringido
|
| 907 |
|
|
|a .b20481469
|
| 942 |
|
|
|c BOOK
|